Project management (Record no. 110757)
[ view plain ]
| 000 -LEADER | |
|---|---|
| fixed length control field | 02413cam a22002415a 4500 |
| 001 - CONTROL NUMBER | |
| control field | L150156 |
| 008 - FIXED-LENGTH DATA ELEMENTS--GENERAL INFORMATION | |
| fixed length control field | 100608s2009 xxk f 001 0 eng d |
| 020 ## - INTERNATIONAL STANDARD BOOK NUMBER | |
| International Standard Book Number | 9780470278703 |
| 035 ## - SYSTEM CONTROL NUMBER | |
| System control number | (Sirsi) u150156 |
| 041 0# - LANGUAGE CODE | |
| Language code of text/sound track or separate title | eng |
| 050 04 - LIBRARY OF CONGRESS CALL NUMBER | |
| Classification number | 658.404 $1 8 |
| 100 1# - MAIN ENTRY--PERSONAL NAME | |
| Personal name | Kerzner, Harold |
| 245 00 - TITLE STATEMENT | |
| Title | Project management |
| Remainder of title | a systems approach to planning, scheduling, and controlling |
| 250 ## - EDITION STATEMENT | |
| Edition statement | 10th ed. |
| 260 ## - PUBLICATION, DISTRIBUTION, ETC. | |
| Place of publication, distribution, etc. | Hoboken, N.J. |
| Name of publisher, distributor, etc. | John Wiley & Sons |
| Date of publication, distribution, etc. | 2009 |
| 300 ## - PHYSICAL DESCRIPTION | |
| Extent | xxiv, 1094p. |
| Other physical details | ill. |
| Dimensions | 25cm. |
| 505 2# - FORMATTED CONTENTS NOTE | |
| Formatted contents note | Overview -- Project management growth : concepts and definitions -- Organizational structures -- Organizing and staffing the project office and team -- Management functions -- Management of your time and stress -- Conflicts -- Special topics -- The variables for success -- Working with executives -- Planning -- Network scheduling techniques -- Project graphics -- Pricing and estimating -- Cost control -- Trade-off analysis in a project environment -- Risk management -- Learning curves -- Contract management -- Quality management -- Modern developments in project management -- The business of scope changes -- The project office -- Managing crisis projects -- The rise, fall, and resurrection of Iridium : a project management perspective Overview -- Project management growth : concepts and definitions -- Organizational structures -- Organizing and staffing the project office and team -- Management functions -- Management of your time and stress -- Conflicts -- Special topics -- The variables for success -- Working with executives -- Planning -- Network scheduling techniques -- Project graphics -- Pricing and estimating -- Cost control -- Trade-off analysis in a project environment -- Risk management -- Learning curves -- Contract management -- Quality management -- Modern developments in project management -- The business of scope changes -- The project office -- Managing crisis projects -- The rise, fall, and resurrection of Iridium : a project management perspective. |
| 520 ## - SUMMARY, ETC. | |
| Summary, etc. | Gives students and professionals an understanding of project management. New sections include scope changes, exiting a project, collective belief and managing virtural teams. Also, gives case studies, four hundred discussion questions and more than 125 multiple- choice questions. |
| 521 ## - TARGET AUDIENCE NOTE | |
| Target audience note | Advanced |
| 651 #4 - SUBJECT ADDED ENTRY--GEOGRAPHIC NAME | |
| Geographic name | United Kingdom |
| Chronological subdivision | |
| 690 ## - LOCAL SUBJECT ADDED ENTRY--TOPICAL TERM (OCLC, RLIN) | |
| Topical term or geographic name as entry element | Project management |
| 9 (RLIN) | 6261 |
| 942 ## - ADDED ENTRY ELEMENTS (KOHA) | |
| Suppress in OPAC | 0 |
| Withdrawn status | Lost status | Source of classification or shelving scheme | Damaged status | Not for loan | Home library | Current library | Shelving location | Date acquired | Total Checkouts | Full call number | Barcode | Date last seen | Copy number | Price effective from | Koha item type |
|---|---|---|---|---|---|---|---|---|---|---|---|---|---|---|---|
| Dewey Decimal Classification | London | London | Books | 08/06/2010 | 658.404 KER | 30075547 | 06/08/2019 | 1 | 06/08/2019 | Book |